000 00292nam a22001337a 4500
008 180205b xxu||||| |||| 00| 0 eng d
020 _a1881956067
041 _aeng
080 _a574
100 _a9
101 _aMJE
245 _aThe landscape below ground
_cWatson,G.W
942 _2udc
_cBK
999 _c41719
_d41719